ARRUPE JESUIT UNIVERSITY

CORONAVIRUS -STOP THE SPREAD - CLEAN,DISINFECT,COVER

Paget of Rhodesia (Record no. 4435)

MARC details
000 -LEADER
fixed length control field 00470nam a2200193Ia 4500
003 - CONTROL NUMBER IDENTIFIER
control field 0100
008 - FIXED-LENGTH DATA ELEMENTS--GENERAL INFORMATION
fixed length control field 130227s9999 xx 000 0 und d
040 ## - CATALOGING SOURCE
Transcribing agency ARRUPELIB
050 ## - LIBRARY OF CONGRESS CALL NUMBER
Classification number SPC BX5700.4.Z8P334 1973
100 ## - MAIN ENTRY--PERSONAL NAME
Personal name Gibbon, Geoffrey
245 ## - TITLE STATEMENT
Title Paget of Rhodesia
245 ## - TITLE STATEMENT
Remainder of title a memoir of Edward, 5th bishop of Mashonaland
260 ## - PUBLICATION, DISTRIBUTION, ETC. (IMPRINT)
Place of publication, distribution, etc Bulawayo
260 ## - PUBLICATION, DISTRIBUTION, ETC. (IMPRINT)
Name of publisher, distributor, etc Books of Rhodesia
260 ## - PUBLICATION, DISTRIBUTION, ETC. (IMPRINT)
-- 1973
300 ## - PHYSICAL DESCRIPTION
Extent 172p.
300 ## - PHYSICAL DESCRIPTION
Other physical details 24cm.
942 ## - ADDED ENTRY ELEMENTS (KOHA)
Source of classification or shelving scheme Library of Congress Classification
Koha issues (borrowed), all copies 1
Holdings
Withdrawn status Lost status Source of classification or shelving scheme Damaged status Not for loan Collection code Home library Current library Shelving location Date acquired Total Checkouts Full call number Barcode Date last seen Date last borrowed Copy number Price effective from Koha item type
    Library of Congress Classification     Main Collection ARRUPE LIBRARY ARRUPE LIBRARY   27/02/2013 1 SPC BX5700.4.Z8P334 1973 46405640 30/09/2014 24/09/2014 1 27/02/2013 Monograph ( Printed materials)
    Library of Congress Classification     SPECIAL Collection ARRUPE LIBRARY ARRUPE LIBRARY Main Collection 09/04/2014   SPC BX5700.4.Z8P334 1973 46500001717 09/04/2014   2 09/04/2014 REFERENCE

 

Arrupe Library. PO Box MP320 Mt Pleasant, Harare, Zimbabwe
263 242 745411|librarian@aju.ac.zw